00502nam a2200157 i 450000100060000000300090000600500170001500700030003200800410003510000440007624501090012026000530022930000210028265000150030385200260031828648ES-MaACL20251017063043.0t|030117s1910 sp ||||1| spa d1 aAzúa y Suárez, Juan de, d1858-192210aSero-diagnóstico de la sífilis b: [Tesis para el ejercicio del grado de Doctor] / cJuan de Azúa. aMadrid : bCentro Gráfico-Artístico, c1910. a92 p. ; c26 cm.04aSífilis. aES-MaACLjT-1230-F-14